Nová znalecký posudok zvýšil ich cenu pozemky pod budúcou diaľnicou

Podrobná bibliografia
Hlavný autor: Šimoňáková, Mária, 1978- (Autor)
Médium: Článok
Jazyk:slovenčina
PhysicalDescription:Fotogr.
ISSN:1335-7590
Predmet:

MARC

LEADER 00000nab a2200000 ar4500
001 vtls009527863
003 SK-MaSNL
005 20260305040800.0
008 090619c20080523xo mr|p|||||||000 b|slo
038 |a SNSK 
040 |b slo  |c SNSK  |e AACR2 
041 |a slo 
044 |a xo  |c SK 
080 |a 332.74  |2 2001 
080 |a 656.11  |x (437.678)  |2 2001 
100 1 |a Šimoňáková, Mária,  |d 1978-  |4 aut  |9 115064 
245 1 0 |a Nová znalecký posudok zvýšil ich cenu  |b pozemky pod budúcou diaľnicou  |c Mária Šimoňáková 
300 |b Fotogr. 
650 0 7 |a Ceny pozemkov. Tržná hodnota pozemku, nehnuteľností  |2 snkbucl  |9 1608782 
650 0 7 |a diaľnice  |2 snsk  |9 14603 
651 7 |a Granč-Petrovce (Slovensko)  |2 snsk  |9 59004 
651 7 |a Levoča (Slovensko : okres)  |2 snsk  |9 30131 
773 0 |t Spišský Korzár  |g Roč. X., č. 119 (23.5.2008), s. 2  |x 1335-7590 
852 |a SNSK  |b KIS3GCP 
999 |c 3340331  |d 3342261